Občianske preukazy, prosím ! S policajnými hliadkami v košických nočných uliciach

Bibliographic Details
Main Author: Grega, Miroslav, 1949-2015 (Author)
Format: Article
Language:Slovak
Subjects:

MARC

LEADER 00000nab a2200000 a 4500
001 vtls000915720
003 SK-MaSNL
005 20260303191325.0
008 040720e19920918xo 0 slo
035 |a KE24603 
040 |a KEVKJB  |b slo  |c KEVKJB  |e AACR2 
041 0 |a slo 
044 |a xo  |c SK 
080 |a 351.74  |2 1981 
100 1 |a Grega, Miroslav,  |d 1949-2015  |4 aut  |9 8201 
245 1 0 |a Občianske preukazy, prosím !  |b S policajnými hliadkami v košických nočných uliciach 
650 0 7 |a polícia  |2 KEVKJB  |9 1673 
650 0 7 |a činnosť  |2 KEVKJB  |9 282874 
650 0 7 |a reportáže  |2 KEVKJB  |9 75670 
651 7 |a KE,  |2 KEVKJB  |9 877256 
655 7 |a periodikum  |2 snkbucl  |9 29553 
773 0 8 |t Košický večer  |g Roč. 3  |g Roč. 28, č.184, 18.9.1992, s. 3 
852 |a ZVYKNI  |b KIS3GCP 
999 |c 2140751  |d 2142681